000 00333nam a2200133Ia 4500
008 240624s9999 xx 000 0 und d
041 _aeng
082 _a658 CHO
100 _aCHOUDHURY ARUP ROY
245 _aMANAGEMENT BY IDIOTS
260 _c2015
_aNew Delhi
_bTata McGraw-Hill
300 _a116 : p. : cm. ; 20
365 _cRS
_b33
999 _c25869
_d25869